|
|
|
|
| LEADER |
00000nam a2200000 a 4500 |
| 001 |
vtls009295597 |
| 003 |
SK-MaSNL |
| 005 |
20260301170821.0 |
| 008 |
240314s2008 xo l f 000 0 slo |
| 015 |
|
|
|a SNBA2008/06-02640
|
| 020 |
|
|
|a 9788089228096
|q (brož.)
|
| 035 |
|
|
|a 5E674E5D-A233-4268-971D-9E83C01F16A7
|
| 035 |
|
|
|a urn:nbn:sk:snk-amjvkb
|
| 035 |
|
|
|a urn:nbn:sk:snk-am008450
|
| 040 |
|
|
|a SNK
|b slo
|c SNK
|e AACR2
|
| 041 |
0 |
|
|a slo
|
| 044 |
|
|
|a xo
|c SK
|
| 072 |
|
7 |
|a 69
|x Stavebníctvo
|2 konspekt
|
| 080 |
|
|
|a 69
|2 2001
|
| 080 |
|
|
|a 728.3
|2 2001
|
| 080 |
|
|
|a 69.05
|2 2001
|
| 080 |
|
|
|a (035)
|2 2001
|
| 080 |
|
|
|a 657.474.5
|2 2001
|
| 100 |
1 |
|
|a Mesároš, František,
|d 1948-
|4 aut
|9 207204
|
| 245 |
1 |
0 |
|a Poradca stavebníka pri výstavbe rodinného domu
|n II. časť
|p Návody a postupy pri stanovení a kontrole nákladov na výstavbu rodinného domu
|c František Mesároš ; [kresby: František Jablonovský]
|
| 246 |
3 |
0 |
|a Návody a postupy pri stanovení a kontrole nákladov na výstavbu rodinného domu
|
| 250 |
|
|
|a 1. vyd.
|
| 260 |
|
|
|a Bratislava
|b Eurostav
|c 2008
|
| 300 |
|
|
|a 147 s.
|b tab., fareb. ilustr.
|c 227 cm
|e 1 CD-ROM
|
| 504 |
|
|
|a Bibliogr. s. 145
|
| 650 |
0 |
7 |
|a stavebníctvo
|2 SNKPH
|9 726
|
| 650 |
0 |
7 |
|a rodinné domy
|2 SNKPH
|9 2984
|
| 650 |
0 |
7 |
|a stavebné práce
|2 SNKPH
|9 68050
|
| 650 |
0 |
7 |
|a kalkulácie nákladov
|2 SNKPH
|9 2321
|
| 655 |
|
7 |
|a príručky
|2 SNKPH
|9 74364
|
| 700 |
1 |
|
|a Jablonovský, František,
|d 1956-
|4 ill
|9 104698
|
| 919 |
|
|
|a 978-80-89228-09-6
|
| 958 |
|
|
|a NB
|
| 968 |
|
|
|d 66/69
|
| 999 |
|
|
|c 828839
|d 830769
|
| 952 |
|
|
|a SNK
|b SNK
|y PREZ
|7 0
|p 17A0587975
|o snkSB 72682/2/príl.
|i snk2008/10853
|8 0
|3 Príloha: 1 CD-ROM
|z Príloha
|0 0
|1 0
|4 0
|d 2008-05-30
|l 0
|r 2025-04-25 00:00:00
|w 2026-02-24
|
| 952 |
|
|
|a SNK
|b SNK
|y PREZ
|7 0
|p 17A0587983
|o snkSB 72682/2
|i snk2008/10853
|8 0
|3 Príloha: 1 CD-ROM
|0 0
|1 0
|4 0
|d 2008-05-20
|l 0
|r 2025-04-25 00:00:00
|w 2026-02-24
|
| 952 |
|
|
|a SNK
|b SNK
|y VYP
|7 0
|p 17A0587976
|o snkSB 72682/2 D1
|i snk2008/10854
|8 0
|3 Príloha: 1 CD-ROM
|0 0
|1 0
|4 0
|d 2008-05-20
|l 0
|r 2026-02-24 03:29:45
|w 2026-02-24
|
| 952 |
|
|
|a SNK
|b SNK
|y VYP
|7 0
|p 17A0587977
|o snkSB 72682/2/príl. D1
|i snk2008/10854
|8 0
|3 Príloha: 1 CD-ROM
|z Príloha
|0 0
|1 0
|4 0
|d 2008-05-30
|l 0
|r 2026-02-24 03:29:45
|w 2026-02-24
|